00582nam a2200229Ia 4500008004100000020001800041050001400059050001900073100002700092245002600119245002700145250001600172260001700188260002500205260000900230300001600239300002000255300001100275500004100286650001100327650001400338160303s9999 xx 000 0 und d a971-08-6221-9 aFIL BC 71 b. B38 2002 c.3 aBauzon, Prisciliano T. aLogic for Filipinos / cPrisciliano T. Bauzon. a2nd Edition aMandaluyong: bNational Book Store, c2002 a251 pages : billustrations ; c22 cm. aIncludes bibliographical references. aLogic. aSyllogism